|
|
|
|
| LEADER |
00000nam a2200000Ia 4500 |
| 008 |
180517b1996 cl ||||| |||| 00| | spa d |
| 999 |
|
|
|c 1881
|d 1881
|
| 090 |
|
|
|a 06.03.07
|b 255
|
| 100 |
1 |
|
|a Wilson, David
|9 3648
|
| 245 |
1 |
0 |
|a Reforma de la educación vocacional y técnica en América Latina / David Wilson
|
| 260 |
|
|
|a Santiago de Chile :
|b PREAL,
|c 1996
|
| 300 |
|
|
|a 26 páginas
|
| 490 |
|
|
|a Documentos,
|v 2
|
| 650 |
1 |
4 |
|a ENSEÑANZA TÉCNICA
|9 3503
|
| 650 |
1 |
4 |
|a REFORMA DE LA EDUCACIÓN
|9 7
|
| 650 |
1 |
4 |
|a FINANCIAMIENTO DE LA EDUCACIÓN
|9 338
|
| 650 |
1 |
4 |
|a PROGRAMA DE ESTUDIOS
|9 1364
|
| 942 |
|
|
|i 00331 ,00332
|h 06.03.07 255
|2 z
|c 01
|